Customs Act, 2017 (Act 949): (Record no. 6052)
[ view plain ]
| 000 -LEADER | |
|---|---|
| fixed length control field | 00284nam a22001217a 4500 |
| 245 ## - TITLE STATEMENT | |
| Title | Customs Act, 2017 (Act 949): |
| Remainder of title | amendment |
| 246 ## - VARYING FORM OF TITLE | |
| Title proper/short title | Act 949 |
| 260 ## - PUBLICATION, DISTRIBUTION, ETC. (IMPRINT) | |
| Place of publication, distribution, etc | Accra |
| Name of publisher, distributor, etc | Assembly Press |
| 300 ## - PHYSICAL DESCRIPTION | |
| Extent | 5p. |
| 440 ## - SERIES STATEMENT/ADDED ENTRY--TITLE | |
| Title | Acts of Parliament |
| 650 ## - SUBJECT ADDED ENTRY--TOPICAL TERM | |
| Topical term or geographic name as entry element | Customs Amendment Act |
| 942 ## - ADDED ENTRY ELEMENTS (KOHA) | |
| Item type | Reference |
| Withdrawn status | Lost status | Source of classification or shelving scheme | Damaged status | Not for loan | Collection code | Home library | Current library | Shelving location | Date acquired | Total Checkouts | Barcode | Date last seen | Price effective from | Koha item type |
|---|---|---|---|---|---|---|---|---|---|---|---|---|---|---|
| Dewey Decimal Classification | Not For Loan | Reference | Methodist University Law Library | Methodist University Law Library | Reference | 28/08/2019 | 7994 | 28/08/2019 | 28/08/2019 | Reference |